BIBLIOTECA PODER JUDICIAL
Portal Judicial TDF

Moneda : (Registro nro. 6323)

000 -LEADER
fixed length control field 01184nabaa22002177a 4500
003 - CONTROL NUMBER IDENTIFIER
control field OSt
005 - DATE AND TIME OF LATEST TRANSACTION
control field 20260130201057.0
008 - FIXED-LENGTH DATA ELEMENTS--GENERAL INFORMATION
fixed length control field 190701b xxu||||| |||| 00| 0 spa d
040 ## - CATALOGING SOURCE
Transcribing agency PJ
100 ## - MAIN ENTRY--PERSONAL NAME
9 (RLIN) 3702
Personal name Sacristán, Estela B.
245 10 - TITLE STATEMENT
Title Moneda :
Remainder of title algunas clasificaciones /
Statement of responsibility, etc Estela B. Sacristán.
300 ## - PHYSICAL DESCRIPTION
Extent p. 230-293
500 ## - GENERAL NOTE
General note Cita: TR LALEY AR/DOC/2588/2025
505 ## - FORMATTED CONTENTS NOTE
Formatted contents note Sumario: I. La sustancia de la moneda.— II. Una variable pragmática de clasificación.— III. Unidades monetarias en la historia argentina.— IV. Moneda metálica y moneda de papel.— V. Moneda convertible y moneda inconvertible. — VI. Moneda de curso legal. Moneda tolerada. Desmonetización. Moneda de curso forzoso.— VII. Moneda devaluada y moneda depreciada.— VIII. Conclusiones.— IX. Bibliografía.
505 ## - FORMATTED CONTENTS NOTE
Title ¿Te interesa el texto completo? Comunicate al correo: koha@justierradelfuego.gov.ar
650 #0 - SUBJECT ADDED ENTRY--TOPICAL TERM
9 (RLIN) 211
Topical term or geographic name as entry element DERECHO ADMINISTRATIVO
650 #0 - SUBJECT ADDED ENTRY--TOPICAL TERM
9 (RLIN) 3550
Topical term or geographic name as entry element MONEDA
650 #0 - SUBJECT ADDED ENTRY--TOPICAL TERM
9 (RLIN) 6629
Topical term or geographic name as entry element MONEDA DE CURSO LEGAL
773 0# - HOST ITEM ENTRY
Host Biblionumber 2842
Host Itemnumber 3251
Place, publisher, and date of publication Buenos Aires : AbeledoPerrot, 2012-
Other item identifier DA121
Title Derecho administrativo. Nº 162 noviembre/diciembre 2025
International Standard Book Number 18510590
942 ## - ADDED ENTRY ELEMENTS (KOHA)
Source of classification or shelving scheme
Koha item type Analítica Artículo de Revista

No hay ítems disponibles.

12 de Octubre 789 Ushuaia - Tel:  54(02901)441571
Horario de Atención: 8.00 a 17.00 hs. 
bibliotecaush@justierradelfuego.gov.ar
koha@justierradelfuego.gov.ar
Seguinos en nuestras redes @bibliojustdf 

Con tecnología Koha